[Event "Titled Tuesday intern op 14th April"]
[Site "Chess.com INT"]
[Date "2020.04.14"]
[Round "1"]
[White "Komarov, Dimitri"]
[Black "Demidov, Mikhail"]
[Result "0-1"]
[WhiteElo "2493"]
[BlackElo "2519"]
[PlyCount "88"]
[EventDate "2020.04.14"]
[EventType "swiss (blitz)"]
[EventRounds "10"]
[EventCountry "USA"]
[SourceTitle "EXT 2021"]
[Source "ChessBase"]
[SourceDate "2020.10.23"]
[SourceVersion "1"]
[SourceVersionDate "2020.10.23"]
[SourceQuality "1"]

1. d4 d5 2. c4 c6 3. Nf3 Nf6 4. e3 Bf5 5. Nc3 e6 6. Nh4 Be4 7. f3 Bg6 8. Qb3 Qc7 9. Bd2 a6 10. Rc1 dxc4 11. Bxc4 b5 12. Be2 Nbd7 13. Nxg6 hxg6 14. f4 c5 15. Bf3 Rc8 16. 0-0 Qb8 17. d5 c4 18. Qd1 exd5 19. Nxd5 Bc5 20. b3 cxb3 21. Qxb3 0-0 22. Kh1 Nxd5 23. Bxd5 Nf6 24. Bf3 Qb6 25. e4 Rfd8 26. Rcd1 Qe6 27. Qxe6 fxe6 28. Ba5 Rxd1 29. Rxd1 Be3 30. g3 Rc2 31. e5 Nd5 32. Bxd5 exd5 33. Rxd5 Kf7 34. Rd7+ Ke6 35. Rxg7 Rxa2 36. Bd8 Kf5 37. h3 Bc5 38. Be7 Bd4 39. Bd6 a5 40. g4+ Ke4 41. f5 Kf3 42. f6 Ra1+ 43. Kh2 Bg1+ 44. Kh1 Bf2+ 0-1